000 00607cam a22002411 4500
001 sa 68015688
003 DLC
005 20260227112645.0
008 891005s1968 ii b 000 0 hino
010 _asa 68015688
035 _a(OCoLC)20446264
040 _aDLC
_cWaU
_dDLC
042 _apremarc
043 _aa-ii---
050 0 0 _aLB2947
_b.S65
100 1 _aŚrīvāstava, K. M. L.
245 1 0 _aŚikshā-praśāsana.
260 _c[1968]
300 _a307 p.
_c23 cm.
500 _aIn Hindi.
504 _aBibliography: p. [305]-307.
650 0 _aSchool management and organization
_zIndia.
999 _c86611
_d86611